Les Fruits du Démon dans One Piece - Statistiques

Statistiques générales
  • Ce quiz a été pris 101 fois
    91 depuis la dernière actualisation
  • Le résultat moyen est 13 sur 30
Statistiques - réponses
Utilisateur Type de quiz Fruit du Démon % Correct
Trafalgar D. Water Law Paramecia Fruit du Bistouri
97%
Boa Hancock Paramecia Fruit de la Passion
71%
Emporio Ivankov Paramecia Fruit des Hormones
69%
Borsalino Kizaru Logia Fruit de la Lumière
68%
Mokey D. Luffy Zoan/Paramecia Fruit de l'Humain modèle Nika / Fruit du Gum Gum
66%
Sakazuki Akainu Logia Fruit du Magma
66%
Gecko Moria Paramecia Fruit des Ombres
61%
Brook Paramecia Fruit de la Résurrection
59%
Charlotte Linlin dite Big Mom Paramecia Fruit des Âmes
59%
Capone "Gang" Bege Paramecia Fruit du Château
56%
Mr. 1 Paramecia Fruit Tailladant
56%
Issho Fujitora Paramecia Fruit de la Gravité
54%
Mr. 3 Paramecia Ciro-Fruit
49%
Nico Robin Paramecia Fruit des Fleurs
49%
Blueno Paramecia Fruit des Portes
49%
Bartolomew Kuma Paramecia Fruit des Coussinets
47%
Kaku Zoan Fruit du Bovin modèle Girafe
37%
Rob Lucci Zoan Fruit du Félin modèle Léopard
36%
Eustass "Captain" Kid Paramecia Magnéto-Fruit
36%
Yamato Zoan Fruit du Canidé modèle Loup Divin
25%
Queen Zoan Fruit du Dinosaure modèle Brachiosaure
25%
Kaido Zoan Fruit du Poisson modèle Dragon Azur
24%
Scratchmen Apoo Paramecia Fruit des Instruments
20%
Page One Zoan Fruit du Dinosaure modèle Spinosaure
20%
Basil Hawkins Paramecia Fruit de la Chaume
19%
Sasaki Zoan Fruit du Dinosaure modèle Tricératops
19%
Who's Who Zoan Fruit du Félin modèle Tigre à Dents de Sabre
19%
Kozuki Momonosuke Zoan Fruit du Poisson modèle Dragon Azur
19%
X-Drake Zoan Fruit du Dinosaure modèle Allosaure
17%
Ulti Zoan Fruit du Dinosaure modèle Pachycéphalosaure
15%
Aucun quiz correspondant
Distribution des résultats
% des personnes avec chaque résultat
Percentile par nombre de réponses
Votre historique - résultats
Vous n’avez pas pris ce quiz depuis la dernière actualisation